<?xml version="1.0" encoding="UTF-8"?>
<record
    xmlns:xsi="http://www.w3.org/2001/XMLSchema-instance"
    xsi:schemaLocation="http://www.loc.gov/MARC21/slim http://www.loc.gov/standards/marcxml/schema/MARC21slim.xsd"
    xmlns="http://www.loc.gov/MARC21/slim">

  <leader>01485nam a22002651a 4500</leader>
  <controlfield tag="001">000052857</controlfield>
  <controlfield tag="005">20200120222739.0</controlfield>
  <controlfield tag="008">130211s1993    ck     gr     000 0dspa d</controlfield>
  <datafield tag="020" ind1=" " ind2=" ">
    <subfield code="a">9586431614 (volumen 1)</subfield>
  </datafield>
  <datafield tag="020" ind1=" " ind2=" ">
    <subfield code="a">9586431622 (volumen 2)</subfield>
  </datafield>
  <datafield tag="020" ind1=" " ind2=" ">
    <subfield code="a">9586431630 (volumen 3)</subfield>
  </datafield>
  <datafield tag="041" ind1="0" ind2=" ">
    <subfield code="a">spa</subfield>
  </datafield>
  <datafield tag="082" ind1="0" ind2="4">
    <subfield code="a">013.897</subfield>
    <subfield code="b">F85</subfield>
    <subfield code="2">21</subfield>
  </datafield>
  <datafield tag="110" ind1="2" ind2=" ">
    <subfield code="a">Fundaci&#xF3;n para la Conmemoraci&#xF3;n del Bicentenario del Natalicio y el Sesquicentenario de la muerte del General Francisco de Paula Santander</subfield>
  </datafield>
  <datafield tag="245" ind1="1" ind2="0">
    <subfield code="a">Santander y los libros /</subfield>
    <subfield code="c">Fundaci&#xF3;n para la Conmemoraci&#xF3;n del Bicentenario del Natalicio y el Sesquicentenario de la muerte del General Francisco de Paula Santander ; Luis Horacio L&#xF3;pez Dom&#xED;nguez ...[y otros ].</subfield>
  </datafield>
  <datafield tag="250" ind1=" " ind2=" ">
    <subfield code="a">Primera edici&#xF3;n</subfield>
  </datafield>
  <datafield tag="300" ind1=" " ind2=" ">
    <subfield code="a">3 vol&#xFA;menes.</subfield>
  </datafield>
  <datafield tag="490" ind1="0" ind2=" ">
    <subfield code="a">Biblioteca de la Presidencia de la Rep&#xFA;blica</subfield>
    <subfield code="a">Administraci&#xF3;n C&#xE9;sar Gaviria Trujillo</subfield>
  </datafield>
  <datafield tag="500" ind1=" " ind2=" ">
    <subfield code="a">Ej.1 de Biblioparque Funza : colecci&#xF3;n proveniente de la antigua Biblioteca Municipal de Funza, Centro Cultural Bacat&#xE1;, Funza (Cundinamarca)</subfield>
  </datafield>
  <datafield tag="505" ind1="0" ind2=" ">
    <subfield code="g">v.1 :</subfield>
    <subfield code="t">El archivo Santander</subfield>
    <subfield code="g">v.2 :</subfield>
    <subfield code="t">Perfil biogr&#xE1;fico y cat&#xE1;logo de la biblioteca del general Santander</subfield>
    <subfield code="g">v.3 :</subfield>
    <subfield code="t">Cat&#xE1;logo documental y bibliogr&#xE1;fico sobre Santander, 1820-1993</subfield>
  </datafield>
  <datafield tag="600" ind1="1" ind2="4">
    <subfield code="a">Santander, Francisco de Paula</subfield>
    <subfield code="d">1792-1840</subfield>
    <subfield code="v">Fuentes</subfield>
  </datafield>
  <datafield tag="600" ind1="1" ind2="4">
    <subfield code="a">Santander, Francisco de Paula</subfield>
    <subfield code="d">1792-1840</subfield>
    <subfield code="v">Bibliograf&#xED;as</subfield>
  </datafield>
  <datafield tag="700" ind1="1" ind2=" ">
    <subfield code="a">L&#xF3;pez Dom&#xED;nguez, Luis Horacio,</subfield>
    <subfield code="e">compilador.</subfield>
  </datafield>
  <datafield tag="264" ind1=" " ind2="1">
    <subfield code="a">Bogot&#xE1; :</subfield>
    <subfield code="b">La Fundaci&#xF3;n,</subfield>
    <subfield code="c">1993.</subfield>
  </datafield>
  <datafield tag="999" ind1=" " ind2=" ">
    <subfield code="c">3626</subfield>
    <subfield code="d">3626</subfield>
  </datafield>
  <datafield tag="952" ind1=" " ind2=" ">
    <subfield code="0">0</subfield>
    <subfield code="1">0</subfield>
    <subfield code="2">ddc</subfield>
    <subfield code="4">0</subfield>
    <subfield code="7">0</subfield>
    <subfield code="8">GEN</subfield>
    <subfield code="a">BPMOS</subfield>
    <subfield code="b">BPMOS</subfield>
    <subfield code="d">2020-01-20</subfield>
    <subfield code="i">102748</subfield>
    <subfield code="l">0</subfield>
    <subfield code="o">013.897 F85</subfield>
    <subfield code="p">MOS003231</subfield>
    <subfield code="r">2021-08-17</subfield>
    <subfield code="t">v.1 ej.1</subfield>
    <subfield code="w">2020-01-20</subfield>
    <subfield code="y">BK</subfield>
    <subfield code="z">Ocho d&#xED;as</subfield>
  </datafield>
  <datafield tag="952" ind1=" " ind2=" ">
    <subfield code="0">0</subfield>
    <subfield code="1">0</subfield>
    <subfield code="2">ddc</subfield>
    <subfield code="4">0</subfield>
    <subfield code="7">0</subfield>
    <subfield code="8">GEN</subfield>
    <subfield code="a">BPMOS</subfield>
    <subfield code="b">BPMOS</subfield>
    <subfield code="d">2020-01-20</subfield>
    <subfield code="i">102749</subfield>
    <subfield code="l">0</subfield>
    <subfield code="o">013.897 F85</subfield>
    <subfield code="p">MOS003232</subfield>
    <subfield code="r">2020-01-20</subfield>
    <subfield code="t">v.2 ej.1</subfield>
    <subfield code="w">2020-01-20</subfield>
    <subfield code="y">BK</subfield>
    <subfield code="z">Ocho d&#xED;as</subfield>
  </datafield>
  <datafield tag="952" ind1=" " ind2=" ">
    <subfield code="0">0</subfield>
    <subfield code="1">0</subfield>
    <subfield code="2">ddc</subfield>
    <subfield code="4">0</subfield>
    <subfield code="7">0</subfield>
    <subfield code="8">GEN</subfield>
    <subfield code="a">BPMOS</subfield>
    <subfield code="b">BPMOS</subfield>
    <subfield code="d">2020-01-20</subfield>
    <subfield code="i">102750</subfield>
    <subfield code="l">0</subfield>
    <subfield code="o">013.897 F85</subfield>
    <subfield code="p">MOS003233</subfield>
    <subfield code="r">2020-01-20</subfield>
    <subfield code="t">v.3 ej.1</subfield>
    <subfield code="w">2020-01-20</subfield>
    <subfield code="y">BK</subfield>
    <subfield code="z">Ocho d&#xED;as</subfield>
  </datafield>
</record>
